Effect of fertilisers on the growth and yield as well as soil and leaf nutrient status of rubber grown in association with legume and natural covers (Record no. 48714)

MARC details
000 -LEADER
fixed length control field 00634nam a2200169Ia 4500
100 ## - MAIN ENTRY--AUTHOR NAME
Personal name Mathew M.
245 #0 - TITLE STATEMENT
Title Effect of fertilisers on the growth and yield as well as soil and leaf nutrient status of rubber grown in association with legume and natural covers
260 ## - PUBLICATION, DISTRIBUTION, ETC. (IMPRINT)
Name of publisher International Rubber Conference, 23-28 November 1980, Rubber Research Institute of India, Kottayam, India.
Year of publication 1980
650 ## - SUBJECT ADDED ENTRY--TOPICAL TERM
Topical Term Fertilizer application
650 ## - SUBJECT ADDED ENTRY--TOPICAL TERM
Topical Term Nutrient status
700 ## - ADDED ENTRY--PERSONAL NAME
Personal name Potty S.N.
700 ## - ADDED ENTRY--PERSONAL NAME
Personal name Pushpadas M.V.
700 ## - ADDED ENTRY--PERSONAL NAME
Personal name Subbarayalu G.
700 ## - ADDED ENTRY--PERSONAL NAME
Personal name Thomas
942 ## - ADDED ENTRY ELEMENTS (KOHA)
Koha item type Bibliography STAF
700 ## - ADDED ENTRY--PERSONAL NAME
-- M.
Holdings
Withdrawn status Lost status Damaged status Not for loan Home library Current library Shelving location Date acquired Koha item type
      Bibliography RRII Library RRII Library Agronomy 09/04/2014 Bibliography STAF